Every Scream Ghostface Killer! - Statistics

General Stats
  • This quiz has been taken 27 times
  • The average score is 11 of 17
Answer Stats
Hint Answer % Correct
1996 Billy Loomis
100%
1996 Stu Macher
95%
2022 Amber Freeman
90%
1997 Nancy Loomis
90%
2011 Charlie Walker
85%
2011 Jill Roberts
85%
2000 Roman Bridger
85%
2022 Richie Kirsch
80%
2023 Quinn Bailey
70%
2023 Ethan Landry
65%
1997 Mickey Altieri
65%
2023 Wayne Bailey
65%
2026 Jessica Bowden
40%
2023 Jason Carvey
35%
2026 Marco Davis
35%
2023 Greg Bruckner
30%
2026 Karl Allen Gibbs
30%
No matching quizzes found
Score Distribution
Percent of People with Each Score
Percentile by Number Answered
Your Score History
You have not taken this quiz